000 00398nam a22001457a 4500
999 _c7645
_d7643
005 20210316153904.0
008 210316b ||||| |||| 00| 0 eng d
082 _a346.066
100 _aAIYAR, A.N.
_96466
245 _aCOMPANY CASES THE CORPORATE LAW WEEKLY [VOL- 129]
260 _aCHENNAI
_bCOMPANY LAW INSTITUTE OF INDIA
_c2006
300 _ai-xxxix;1012,p
650 _aLAW
_95701
942 _cJRL